000 00822nam a2200193Ii 4500
003 JO-AjNU
008 230605s9999||||xx |||||||||||||| ||und||
040 _aJO-AjNU
_bara
_erda
_cJO-AjNU
041 _aara
050 1 4 _aQ18.I77 1976
100 3 _aمقدسي، انطوان/ م. مشارك عادل العوا ، كال الغالي ؛ ترجمة مصفى الحاج ابراهيم ,
_eauthor
_916988
245 0 0 _aالاتجاهات الرئيسية للبحث في العلوم الاجتماعية والانسانية، مج2
264 3 1 _aسوريا:وزارة التعليم العالي ،1976
300 _aمج2، 497ص
336 _atext
_btxt
_2rdacontent
337 _aunmediated
_bn
_2rdamedia
338 _avolume
_bnc
_2rdacarrier
650 4 _aالعلوم الاجتماعية - مناهج بحث
_916989
999 _aA5154
_c8722
_d8722